| 000 | 00662nam a2200205Ia 4500 | ||
|---|---|---|---|
| 999 |
_c55141 _d55141 |
||
| 003 | GCL | ||
| 005 | 20240530105338.0 | ||
| 008 | 140319s9999 xx 000 0 ara d | ||
| 040 |
_aGCL / _cGCL |
||
| 082 | 0 | 4 |
_a780.92 _bج ح |
| 100 | 1 | _aجورج ابراهيم الخورى | |
| 245 | 1 | 0 |
_aحكايتى مع النجوم: عبد الحليم حافظ / _cجورج ابراهيم الخورى |
| 260 |
_a[S.N] : _bجروس برس ، _c1990 |
||
| 300 | _a471 ص | ||
| 650 | 0 | 4 | _aالموسيقى |
| 650 | 0 | 4 | _aالاغانى المصرية |
| 650 | 0 | 4 | _aالمطربون والمطربات |
| 650 | 0 | 4 | _aالموسيقيون - تراجم |
| 942 |
_2ddc _cBK |
||